Informe sobre las escuelas libres de verano
Informa sobre el programa denominado "Escuelas Libres de Verano", realizado durante diciembre de 1978 y enero de 1979, en Costa Rica. El proyecto consistió en organizar 2 escuelas libres de verano, para atender a niños y adolescentes de la educación general básica que tuvieron dificultades...
Shranjeno v:
| Korporativna značnica: | |
|---|---|
| Format: | Texto |
| Izdano: |
San José:
Ministerio de Educación Pública
|
| Teme: | |
| Oznake: |
Označite
Brez oznak, prvi označite!
|
MARC
| LEADER | 00000 a a2200000 04500 | ||
|---|---|---|---|
| 001 | 20149 | ||
| 003 | |||
| 040 | |||
| 090 | |a 083000 | ||
| 110 | |a Costa Rica. Ministerio de Educación Pública. Dirección General de Planeamiento y Desarrollo Educativo | ||
| 245 | |a Informe sobre las escuelas libres de verano | ||
| 260 | |a San José: |b Ministerio de Educación Pública | ||
| 300 | |a 86 p. | ||
| 520 | |a Informa sobre el programa denominado "Escuelas Libres de Verano", realizado durante diciembre de 1978 y enero de 1979, en Costa Rica. El proyecto consistió en organizar 2 escuelas libres de verano, para atender a niños y adolescentes de la educación general básica que tuvieron dificultades en el curso lectivo de 1978. Informa sobre las etapas de preparación del programa, plan de estudios, cursos de capacitación para los docentes, matrícula, programas de estudio, evaluación de la aplicación del proyecto. Se combinó el estudio sistemático con actividades recreativas, artísticas y culturales./ACM | ||
| 650 | |a ESCUELAS EXPERIMENTALES | ||
| 650 | |a CURSOS DE VERANO | ||
| 650 | |a EDUCACION | ||
| 999 | |c 12572 |d 12572 | ||
